| 000 | 01218nam a22002417a 4500 | ||
|---|---|---|---|
| 999 |
_c63647 _d63647 |
||
| 005 | 20251125233103.0 | ||
| 008 | s2554 th ||||| |||| 00| 0 tha d | ||
| 020 | _a9789743505188 | ||
| 040 | _aNALT | ||
| 050 | _aJK31 ก131ถ 2554 | ||
| 100 | 0 | _aกมล กมลตระกูล | |
| 245 | 1 | 0 | _aถอดรหัสเทพีเสรีภาพ |
| 260 | 3 |
_aกรุงเทพฯ : _bองค์การกระจายเสียงและแพร่ภาพสาธารณะแห่งประเทศไทย, _c2554 |
|
| 300 |
_a119 หน้า : _b ภาพประกอบ ; _c 21 ซม. |
||
| 650 | 0 | 4 | _aสหรัฐอเมริกา -- การเมืองและการปกครอง -- ประวัติศาสตร์ |
| 650 | 0 | 4 | _aล็อบบี้ยิสต์ |
| 650 | 0 | 4 | _aกลุ่มผลประโยชน์ -- สหรัฐอเมริกา |
| 650 | 0 | 4 | _aประชาธิปไตย -- สหรัฐอเมริกา |
| 850 | _aNALT | ||
| 856 | 4 | 0 |
_uhttps://hdl.handle.net/20.500.14156/338224 _71 |
| 942 |
_cGB _2lcc |
||